| 000 | 01264nam a22003497a 4500 | ||
|---|---|---|---|
| 003 | CHAP | ||
| 005 | 20220329135207.0 | ||
| 008 | 971013s1977 r 00010 d | ||
| 010 | _a32417 | ||
| 011 | _a33389 | ||
| 035 | _a37504 | ||
| 040 | _cCHAP | ||
| 090 | _aTesis | ||
| 100 | 0 | 0 |
_aCruz Sánchez, Sergio Ariel. _929608 |
| 245 | _aDeficiencias y toxicidades de minerales del ganado bovino en pastoreo en San Juan de Sabinas, Coahuila (verano 1977) I. Determinación de niveles | ||
| 260 |
_a(Monterrey, N.L.) : _bEl autor, _c1977 |
||
| 300 | _a60 h. | ||
| 502 | _aTesis (Ing. Agr. Zootecnista) -- ITESM. Div de Ciencias Agropecuarias y Marítimas | ||
| 590 |
_aALEPH _b10 _c20130110 _lUCH01 _h1256 |
||
| 590 |
_aBATCH-UPD _b10 _c20130110 _lUCH01 _h0926 |
||
| 590 |
_aBATCH-UPD _b10 _c20130410 _lUCH01 _h0547 |
||
| 590 |
_aBATCH-UPD _b10 _c20130914 _lUCH01 _h1528 |
||
| 590 |
_aCONVERSION _b10 _c20130109 _lUCH01 _h1318 |
||
| 650 | 1 | 4 |
_aAnimales _xDeficiencias nutritivas. _95858 |
| 650 | 1 | 4 |
_aGanado vacuno _xNuevo León. _945497 |
| 650 | 1 | 4 |
_aGanado vacuno _xNutrición. _945498 |
| 650 | 1 | 4 |
_aMinerales en nutrición animal. _975937 |
| 650 | 1 | 4 |
_aToxicología veterinaria. _9114457 |
| 901 | _aBK | ||
| 942 | _cTESIS | ||
| 949 |
_bBC _cTES _d-86001 _eTS1 _i37504 _si |
||
| 999 |
_c32417 _d32417 |
||